| Tag |
First Indicator |
Second Indicator |
Subfields |
| LEADER |
00000pam a2200000 a 4500 |
| 001 |
in00000079223 |
| 005 |
20151008060759.0 |
| 008 |
810813s1981 nyua b 00110 eng |
| 010 |
|
|
|a 81012727
|
| 020 |
|
|
|a 0124030203
|
| 035 |
|
|
|a (OCoLC)07738181
|
| 035 |
|
|
|9 AAJ6555AM
|
| 039 |
0 |
|
|a 2
|b 3
|c 3
|d 3
|e 3
|
| 040 |
|
|
|a DLC
|c DLC
|d TXA
|d UtOrBLW
|
| 043 |
|
|
|a n-us-mi
|
| 049 |
|
|
|a TXAM
|c [1805077]
|
| 050 |
0 |
0 |
|a E78.M6
|b K43
|
| 082 |
0 |
|
|a 977.4/4701
|2 19
|
| 100 |
1 |
|
|a Keene, Arthur S.
|
| 245 |
1 |
0 |
|a Prehistoric foraging in a temperate forest :
|b a linear programming model /
|c Arthur S. Keene.
|
| 264 |
|
1 |
|a New York :
|b Academic Press,
|c 1981.
|
| 300 |
|
|
|a xx, 274 pages :
|b illustrations ;
|c 24 cm. +
|e 2 microfiche (11 x 15 cm.)
|
| 336 |
|
|
|a text
|b txt
|2 rdacontent
|
| 337 |
|
|
|a unmediated
|b n
|2 rdamedia
|
| 338 |
|
|
|a volume
|b nc
|2 rdacarrier
|
| 490 |
1 |
|
|a Studies in archaeology
|
| 500 |
|
|
|a Microfiche in pocket.
|
| 500 |
|
|
|a Includes index.
|
| 504 |
|
|
|a Bibliography: pages 243-268.
|
| 650 |
|
0 |
|a Indians of North America
|z Michigan
|z Saginaw Valley
|x Economic conditions.
|
| 650 |
|
0 |
|a Hunting and gathering societies
|z Michigan
|z Saginaw Valley.
|
| 650 |
|
0 |
|a Archaeology
|x Mathematical models.
|
| 650 |
|
0 |
|a Linear programming.
|
| 651 |
|
0 |
|a Saginaw River Valley (Mich.)
|x Antiquities.
|
| 651 |
|
0 |
|a Michigan
|x Antiquities.
|
| 830 |
|
0 |
|a Studies in archaeology.
|
| 999 |
|
|
|a MARS
|
| 999 |
f |
f |
|s 713b0cce-e3ea-3d24-aea6-83373ccaca1c
|i 8d60444d-3635-31b5-b0c0-7d4c3b2c58f0
|t 0
|
| 952 |
f |
f |
|p normal
|a Texas A&M University
|b College Station
|c Sterling C. Evans Library
|d Evans: Library Stacks
|t 0
|e E78.M6 K43
|h Library of Congress classification
|i unmediated -- volume
|m A14806104142
|
| 998 |
f |
f |
|a E78.M6 K43
|t 0
|l Evans: Library Stacks
|